Harry Potter 2.0 - Statistiken

Allgemein
  • Dieses Quiz wurde 145 mal gespielt
  • Das Durchschnittsergebnis liegt bei 11 aus 15
Antwortstatistiken
Hint Antwort % Korrekt
D Dudley Dursley
84%
S Severus Snape
84%
A Albus Dumbledore
83%
U Uncle vernon
83%
C Crabbe
82%
R Ron Weasley
82%
M Minerva McGonnagal
80%
A Aunt petunia
77%
M Mr. Filch
71%
G Ginny Weasley
69%
H Hermione Granger
68%
L Lord Voldemort
64%
H Harry Potter
54%
G Goyle
51%
L Lucius Malfoy
48%
Keine übereinstimmenden Quizze gefunden
Verteilung der Resultate
Anzahl Personen mit jedem Resultat
Perzentil nach korrekt beantworteten Fragen
Ihre Resultats-Entwicklung
Sie haben dieses Quiz noch nicht gespielt